000
00236nam a2200097Ia 4500
001
713430
005
20250826162846.0
008
250824s9999 xx 000 0 und d
245
0
_a
ZEHR-İ BAL
_c
SEZGİN IRMAK
260
_b
PORTAKAL YAYINLARI
999
_c
713430
_d
713430